000 01491nam a22002657a 4500
005 20110408153738.0
020 _a8182632501
_c25.00
035 _aB-432604-608
037 _aDPL
_bBlue Berry
082 _aS
100 _aPai, Roopa
_929890
245 _aSister, Sister, where does thunder come from /
_cby Roopa pai ; illustrated by Greystroke
250 _a4th
260 _aNew Delhi
_bPratham Books
_c2010
270 _a633-634,4th "C" Main,6th 'B' Cross, OMBR Layout Banaswadi,
_bBangalore
_e560043
_k911141042483 (New Delhi)
300 _a28p.
_bill.
_c23cm.(pbk)
700 _aGreystroke
_927199
942 _2ddc
_cCH
_hS
_mPAI
999 _c51530
_d51530